Sila ľudskosti a sila minulosti

Bibliographic Details
Main Author: Slováková, Petra (Author)
Format: Article
Language:Slovak
PhysicalDescription:Fotogr.
ISSN:1335-1893
Subjects:

MARC

LEADER 00000nab a2200000 a 4500
001 vtls010186236
003 SK-MaSNL
005 20260304163002.0
008 250507c2010 xo ||||||||||||00 b|slo
015 |a SNBRB2010/11  |2 snkbucl 
035 |a (sysno)vtls010186236 
035 |a urn:nbn:sk:snk-ab7dkd 
035 |a (uuid)1ff7fb3e-d345-490e-a359-59e81c1e9f3c 
035 |a (urnnbn)urn:nbn:sk:snk:ar-a07qqf 
038 |a SNKBUCL 
040 |a SNKBUCL  |b slo  |c SNKBUCL  |e AACR2 
041 0 |a slo 
044 |a xo  |c SK 
080 |a 791.224  |x (437.6)  |2 2001 
100 1 |a Slováková, Petra  |4 aut  |9 1476312 
245 1 0 |a Sila ľudskosti a sila minulosti  |c Petra Slováková 
300 |b Fotogr. 
500 |a Réžia: Matej Mináč 
630 0 7 |a Všetci moji blízki (film)  |2 snkbucl  |9 833288 
630 0 7 |a Nicholas G. Winton: Sila ľudskosti (film)  |2 snkbucl  |9 1489400 
773 0 |t Kino-Ikon  |g Roč. 14, č. 1 (2010)  |g Roč. 8, č. 1 (2010), s. 240-241  |x 1335-1893 
773 0 |t Frame  |g Roč. 14, č. 1 (2010)  |g Roč. 8, č. 1 (2010), s. 240-241  |x 1335-1893 
850 |a Slovenská národná knižnica 
852 |a Slovenská národná knižnica 
954 |a odborná, vedecká literatúra pôvodná (slovenská)  |2 lita 
958 |a article2022 
958 |a SK 
958 |a OND 
958 |a EUIPO 
999 |c 2976151  |d 2978081